000 01210nam a2200313Ia 4500
001 ebr10632177
003 CaPaEBR
006 m u
007 cr cn|||||||||
008 120808s2012 nyu sb 000 0 eng d
010 _z 2012032048
020 _z9780875869308 (soft cover : alk. paper)
020 _z9780875869315 (hard cover : alk. paper)
020 _z9780875869322 (ebook)
040 _aCaPaEBR
_cCaPaEBR
035 _a(OCoLC)847602784
050 1 4 _aBL65.V55
_bB57 2012eb
100 1 _aBlock, Thomas.
245 1 2 _aA fatal addiction
_h[electronic resource] :
_bwar in the name of God /
_cThomas Block.
260 _aNew York :
_bAlgora Pub.,
_cc2012.
300 _axiv, 210 p.
504 _aIncludes bibliographical references.
533 _aElectronic reproduction.
_bPalo Alto, Calif. :
_cebrary,
_d2013.
_nAvailable via World Wide Web.
_nAccess may be limited to ebrary affiliated libraries.
650 0 _aViolence
_xReligious aspects.
650 0 _aWar
_xReligious aspects.
655 7 _aElectronic books.
_2local
710 2 _aebrary, Inc.
856 4 0 _uhttp://site.ebrary.com/lib/rucke/Doc?id=10632177
_zAn electronic book accessible through the World Wide Web; click to view
999 _c52301
_d52301